00866nam a22001935i 4500001000700000003000900007005001700016008004100033040003000074100003200104245022800136260007500364300002100439650002300460650001700483651005000500710002300550852009900573161609ES-MaACL20250812091231.0990630s1898 sp |||| | spa d aCCPB | B bspa cCCPB | B1 aPedregal y Fantini, José.10aEstado social y cultura de los mozárabes y mudéjares españoles b: memoria leída en los días 13 de enero y 10 de febrero de 1898 en el Ateneo y Sociedad de Excursiones de Sevilla / cpor José Pedregal y Fantini. aSevilla : b[s.n.], c1898 (fEstab. tip. de la Revista de Tribunales) a59 p. ; c21 cm. 7aMozárabes2embne04aMudéjares. 4aEspaña-xHistoria-y0711-1492, Reconquista.2 aAteneo de Sevilla. aES-MaACLjT-812-F-1 z-- Enc. hol., conservando la cub. original z-- Enc. en un vol. facticio